000 00327 a2200109 4500
001 ART_30480
005 20260410162004.0
008 260409a
245 1 0 _aAporte de la Universidad a la cuenta general
100 1 _aLe Pera, Alfredo
773 0 _tBoletín Informativo ASAP
_g- Nº 12 (ago. 1984)
_wREV30391
999 _c31554
_d31554